书目信息 |
| 题名: |
企业与社会
|
|
| 作者: | 卡罗尔 , 巴克霍尔茨 著 ;黄煜平 译 | |
| 分册: | ||
| 出版信息: | 北京 机械工业出版社 2004 |
|
| 页数: | 10,479页 | |
| 开本: | 28cm | |
| 丛书名: | 管理教材译丛 | |
| 单 册: | ||
| 中图分类: | F270-05 | |
| 科图分类: | ||
| 主题词: | 企业--关系--社会--研究 , 企业 , 社会 | |
| 电子资源: | ||
| ISBN: | 7-111-14268-3 | |
| 000 | 01247oam2 2200325 450 | |
| 001 | 1550100160 | |
| 005 | 20150125135521.79 | |
| 010 | @a7-111-14268-3@dCNY76.00 | |
| 100 | @a20040719d2004 em y0chiy50 ea | |
| 101 | 1 | @achi@ceng |
| 102 | @aCN@b110000 | |
| 105 | @ay z 000yy | |
| 200 | 1 | @a企业与社会@9qi ye yu she hui@e伦理与利益相关者管理@f(美)阿奇 B.卡罗尔(Archie B.Carroll),(美)安 K.巴克霍尔茨(Ann K.Buchholtz)著@g黄煜平等译 |
| 210 | @a北京@c机械工业出版社@d2004 | |
| 215 | @a10,479页@d28cm | |
| 225 | 2 | @a管理教材译丛 |
| 300 | @a华章教育 | |
| 305 | @a汤姆森学习出版集团授权出版 据原书第5版译出 | |
| 330 | @a本书以阐明企业与社会的关系、社会与伦理问题的性质,及企业管理层必然相互作用的利益相关者群体作为宗旨,从各个方面讨论企业内外部利益相关者的问题,并辅助于案例。 | |
| 461 | 0 | @12001 @a管理教材译丛 |
| 510 | 1 | @aBusiness & Society: Ethics and Stakeholder Management@zeng |
| 606 | 0 | @a企业@x关系@x社会@x研究 |
| 606 | 0 | @a企业 |
| 606 | 0 | @a社会 |
| 690 | @aF270-05@v5 | |
| 701 | 0 | @c(美)@a卡罗尔@9ka luo er@c(Carroll, Archie B.)@4著 |
| 701 | 0 | @c(美)@a巴克霍尔茨@9ba ke huo er ci@c(女,Buchholtz, Ann K.)@4著 |
| 702 | 0 | @a黄煜平@9huang yu ping@4译 |
| 801 | 0 | @aCN@bTSSF@c20150125 |
| 905 | @aZUCC@dF270-05@eJY89 | |
| 企业与社会:伦理与利益相关者管理/(美)阿奇 B.卡罗尔(Archie B.Carroll),(美)安 K.巴克霍尔茨(Ann K.Buchholtz)著/黄煜平等译.-北京:机械工业出版社,2004 |
| 10,479页;28cm.-(管理教材译丛) |
| 华章教育 |
| ISBN 7-111-14268-3:CNY76.00 |
| 本书以阐明企业与社会的关系、社会与伦理问题的性质,及企业管理层必然相互作用的利益相关者群体作为宗旨,从各个方面讨论企业内外部利益相关者的问题,并辅助于案例。 |
| ● |
| 相关链接 |
|
|
|
|
正题名:企业与社会
索取号:F270-05/JY89
 
预约/预借
| 序号 | 登录号 | 条形码 | 馆藏地/架位号 | 状态 | 备注 |
| 1 | 7854309 | 278543097 | 学院路分馆/ [索取号:F270-05/JY89] | 在馆 |